000 00373nam a22001457a 4500
008 250304b |||||||| |||| 00| 0 eng d
020 _a9780323654289
050 _aHG9306.5
_b.B45
100 _aBeik Janet I
245 _aWorkbook for Health Insurance Today A Practical Approach
250 _a7th
260 _aMissouri
_bElsevier
_c2021
300 _axv,400p
942 _cBK
999 _c2068
_d2068